| 000 | 00558nam a22001937a 4500 | ||
|---|---|---|---|
| 003 | KOHA_MİRAKIL | ||
| 005 | 20250930163314.0 | ||
| 008 | 250930b tu ||||| |||| 00| 0 tur d | ||
| 020 | _a9789750719622 | ||
| 040 |
_aTR-AnABB _btur _cTR-AnABB |
||
| 041 | _atur | ||
| 082 |
_a853.914 _bTAM 2022 |
||
| 100 | 1 | _aTamaro, Susanna, | |
| 245 | 1 | 0 |
_aYüreğinin götürdüğü yere git / _cSusanna Tamaro |
| 260 |
_aİstanbul : _bCan Sanat Yayınları, _c2022 |
||
| 300 |
_a149 sayfa ; _c20 cm |
||
| 650 | 0 | 4 | _aİtalyan edebiyatı, roman |
| 942 |
_2ddc _cBK |
||
| 999 |
_c8999 _d8999 |
||
| 900 | _bGizem YORULMAZ | ||